[Event "Championnat de France des Jeunes - Benja"]
[Site "AIX LES BAINS "]
[Date "2009.04.23"]
[Round "6.2"]
[White "Loiseau, Quentin"]
[Black "Roubaud, Alexandre"]
[Result "1/2-1/2"]
[WhiteElo "2076"]
[BlackElo "2074"]
[PlyCount "88"]

1. Nf3 Nf6 2. c4 e6 3. g3 c5 4. Nc3 a6 5. Bg2 Nc6 6. d4 cxd4 7. Nxd4 Qc7 8. O-O
Bb4 9. Nxc6 dxc6 10. Qb3 Be7 11. Be3 c5 12. Rfd1 O-O 13. Bf4 e5 14. Bg5 Be6 15.
Bxf6 Bxf6 16. Qxb7 Qa5 17. Nd5 Rab8 18. Nxf6+ gxf6 19. Qe7 Kg7 20. b3 Rfe8 21.
Qa7 Red8 22. Bd5 Bxd5 23. cxd5 Rbc8 24. Qe7 Qb5 25. a4 Qxb3 26. d6 Qe6 27. Qb7
Qd7 28. Qxa6 Rc6 29. Qb5 Rxd6 30. Rxd6 Qxd6 31. Rc1 Rc8 32. Rc3 Qc6 33. Qc4 Rd8
34. Qg4+ Kf8 35. f3 Rd4 36. Qf5 Kg7 37. h4 Qxa4 38. Kf2 Qa1 39. Rd3 Rxd3 40.
exd3 Qd4+ 41. Ke2 Qb2+ 42. Kf1 Qa1+ 43. Kg2 Qa2+ 44. Kg1 Qa1+ 1/2-1/2

[Event "Championnat de France des Jeunes - Benja"]
[Site "AIX LES BAINS "]
[Date "2009.04.23"]
[Round "6.3"]
[White "Barbot, Pierre"]
[Black "Ravot, Emmanuel"]
[Result "1-0"]
[WhiteElo "2050"]
[BlackElo "1857"]
[PlyCount "91"]

1. e4 g6 2. d4 Bg7 3. Nc3 d6 4. Be3 a6 5. f4 b5 6. Bd3 Bb7 7. Nf3 Nd7 8. e5 c5
9. Be4 Qc8 10. Qd3 Nh6 11. e6 fxe6 12. Bxg6+ hxg6 13. Qxg6+ Kf8 14. Ng5 Nf6 15.
f5 exf5 16. d5 Nxd5 17. Ne6+ Qxe6 18. Qxe6 Nxe3 19. Qxe3 b4 20. Ne2 Bxb2 21.
Rb1 Be5 22. Nf4 Ng4 23. Ng6+ Kg7 24. Qg5 Bc3+ 25. Ke2 Bf6 26. Qxf5 Bc8 27. Qe4
d5 28. Qxd5 Kxg6 29. Qxa8 Nxh2 30. Qc6 Bg4+ 31. Kf2 e6 32. Qxc5 Bf5 33. Rxb4
Bh4+ 34. Rxh4 Rxh4 35. Kg3 Rg4+ 36. Kxh2 Be4 37. Qf2 Kg5 38. Rf1 Bf5 39. Qe3+
Kh5 40. Rxf5+ exf5 41. Qe6 Rh4+ 42. Kg3 Rg4+ 43. Kf3 Rg5 44. Qxa6 Rg3+ 45. Kxg3
f4+ 46. Kxf4 1-0

[Event "Championnat de France des Jeunes - Benja"]
[Site "AIX LES BAINS "]
[Date "2009.04.23"]
[Round "6.4"]
[White "Gueriche, Guillaume"]
[Black "Perrois, Aurelien"]
[Result "1-0"]
[WhiteElo "1972"]
[BlackElo "1840"]
[PlyCount "83"]

1. d4 Nf6 2. c4 g6 3. Nc3 Bg7 4. e4 d6 5. f3 Nbd7 6. Be3 b6 7. Qd2 e5 8. d5 a6
9. Bd3 Nc5 10. Bc2 Bd7 11. Nge2 Qe7 12. Nc1 h5 13. b4 Nb7 14. Nb3 Ng8 15. c5
bxc5 16. bxc5 Bc8 17. c6 Nd8 18. Qf2 Bh6 19. Ba7 f5 20. Rb1 Nf6 21. Na5 fxe4
22. Bxe4 Nxe4 23. Nxe4 O-O 24. Be3 Nf7 25. O-O Bf5 26. Rb4 Rfb8 27. Rb7 Bxe3
28. Qxe3 Nd8 29. Rfb1 Rc8 30. Nc4 Qf8 31. R1b2 a5 32. a4 Ra6 33. Rb8 Nf7 34.
R8b5 Rca8 35. Rb7 Qe7 36. Nb6 Rd8 37. Qe2 Bxe4 38. fxe4 Qg5 39. Nd7 Qc1+ 40.
Qf1 Qe3+ 41. Kh1 Qxe4 42. Nf6+ 1-0

[Event "Championnat de France des Jeunes - Benja"]
[Site "AIX LES BAINS "]
[Date "2009.04.23"]
[Round "6.5"]
[White "Cabanes, Kim"]
[Black "Deslias, Gregoire"]
[Result "0-1"]
[WhiteElo "1932"]
[BlackElo "1806"]
[PlyCount "95"]

1. e4 e5 2. Nf3 Nc6 3. Nc3 Nf6 4. Bb5 Bb4 5. O-O O-O 6. Nd5 Nxd5 7. exd5 Nd4 8.
Nxd4 exd4 9. a3 Bc5 10. b4 Be7 11. Bb2 Bf6 12. Bd3 b6 13. f4 Re8 14. Qf3 Bb7
15. Rae1 Rc8 16. g4 g6 17. Rxe8+ Qxe8 18. g5 Bg7 19. Kf2 c5 20. Re1 Qd8 21. h4
cxb4 22. axb4 Qf8 23. Ba3 Qd6 24. Be4 f5 25. gxf6 Qxf6 26. h5 Rf8 27. b5 Qh4+
28. Ke2 Rxf4 29. Rh1 Rxe4+ 30. Kd3 Rf4 31. Qg2 Qg4 32. Qxg4 Rxg4 33. Bd6 Bxd5
34. Rh2 Bf8 35. Bb8 Bc5 36. hxg6 Be4+ 37. Ke2 Rxg6 38. Bxa7 Rg2+ 39. Rxg2+ Bxg2
40. c3 dxc3 41. dxc3 Kf7 42. Bb8 d6 43. Kd3 h5 44. Bxd6 Bxd6 45. Ke3 h4 46. Kf2
h3 47. Kg1 Bd5 48. c4 0-1

[Event "Championnat de France des Jeunes - Benja"]
[Site "AIX LES BAINS "]
[Date "2009.04.23"]
[Round "6.6"]
[White "Jeannesson, Etienne"]
[Black "Luciani, Thibault"]
[Result "1/2-1/2"]
[WhiteElo "1780"]
[BlackElo "1864"]
[PlyCount "107"]
[EventDate "2009.??.??"]

1. e4 c5 2. Nc3 Nc6 3. g3 g6 4. d3 Bg7 5. Be3 d6 6. Bg2 Rb8 7. Qd2 b5 8. Nge2
Nd4 9. Nd1 b4 10. c3 bxc3 11. bxc3 Nxe2 12. Qxe2 Qa5 13. Qd2 Nf6 14. Bh6 O-O
15. Bxg7 Kxg7 16. O-O Ba6 17. f4 Rfd8 18. Ne3 Kg8 19. f5 Rb6 20. Rab1 Rdb8 21.
Rxb6 Qxb6 22. g4 Qb2 23. Rf2 Qb1+ 24. Bf1 c4 25. g5 Nd7 26. fxg6 hxg6 27. Nd5
Ne5 28. Nxe7+ Kf8 29. d4 Nd3 30. Nxg6+ Kg7 31. Rf6 fxg6 32. Qg2 Qc1 33. Qg3 Rb5
34. d5 Rb8 35. Rxd6 Bc8 36. Rc6 Qf4 37. Rc7+ Kg8 38. Qxf4 Nxf4 39. d6 Be6 40.
d7 Rd8 41. Bxc4 Bxc4 42. Rxc4 Rxd7 43. a4 Kf7 44. h4 Ke7 45. Kf2 Nd3+ 46. Ke3
Ne5 47. Rc5 Kd6 48. Rd5+ Ke6 49. Rc5 Rd3+ 50. Ke2 Rh3 51. Ra5 Re3+ 52. Kxe3
Nc4+ 53. Kd4 Nxa5 54. c4 1/2-1/2

[Event "Championnat de France des Jeunes - Benja"]
[Site "AIX LES BAINS "]
[Date "2009.04.23"]
[Round "6.7"]
[White "Bach, Anatole"]
[Black "Grandadam, Patrick"]
[Result "1/2-1/2"]
[WhiteElo "1845"]
[BlackElo "2055"]
[PlyCount "70"]

1. e4 c5 2. Nf3 e6 3. d4 cxd4 4. Nxd4 a6 5. Nc3 Qc7 6. Bd3 Bc5 7. Nb3 Be7 8.
O-O d6 9. Qe2 Nd7 10. Bd2 Ngf6 11. f4 b5 12. Rae1 b4 13. Nd1 Bb7 14. Kh1 Nc5
15. Bxb4 Ncxe4 16. Na5 d5 17. Bxe7 Qxe7 18. Nf2 O-O 19. Bxe4 Nxe4 20. Nxe4 dxe4
21. Nxb7 Qxb7 22. b3 f5 23. c4 a5 24. Qb2 Rfd8 25. Qe5 Qd7 26. g4 g6 27. Rd1
Qc6 28. Kg1 a4 29. Qf6 Rf8 30. Qc3 axb3 31. axb3 Qc5+ 32. Qd4 Qxd4+ 33. Rxd4
Rab8 34. gxf5 exf5 35. Rb1 Rb4 1/2-1/2

[Event "Championnat de France des Jeunes - Benja"]
[Site "AIX LES BAINS "]
[Date "2009.04.22"]
[Round "6.8"]
[White "Siclet, Mathieu"]
[Black "Neri, Jean-Baptiste"]
[Result "0-1"]
[WhiteElo "1835"]
[BlackElo "2009"]
[PlyCount "70"]

1. e4 c5 2. Nf3 Nc6 3. d4 cxd4 4. Nxd4 g6 5. Nc3 Bg7 6. Nb3 Nf6 7. Be2 d6 8.
O-O O-O 9. Re1 b6 10. Bf1 Bb7 11. Bg5 Na5 12. Rb1 Rc8 13. Bxf6 Bxf6 14. Nxa5
bxa5 15. Nd5 Bg7 16. Bd3 e6 17. Ne3 d5 18. exd5 exd5 19. Bf1 d4 20. Nc4 Rc5 21.
Nd2 Qc7 22. Bd3 Qf4 23. Ne4 Re5 24. Qd2 Qh4 25. g3 Qe7 26. f3 Re8 27. Kf2 h6
28. Kf1 f5 29. Nf2 Bxf3 30. Rxe5 Qxe5 31. Re1 Qb8 32. b3 Rxe1+ 33. Qxe1 Bd5 34.
Qxa5 Qe5 35. Qe1 Bg2+ 0-1

[Event "Championnat de France des Jeunes - Benja"]
[Site "AIX LES BAINS "]
[Date "2009.04.23"]
[Round "6.9"]
[White "Ton-That, Nicolas"]
[Black "Lemeille, Francois"]
[Result "1/2-1/2"]
[WhiteElo "1841"]
[BlackElo "1931"]
[PlyCount "50"]

1. e4 c5 2. Nf3 d6 3. c3 Nf6 4. h3 e6 5. Bd3 Nc6 6. Bc2 Be7 7. O-O d5 8. e5 Nd7
9. d4 f6 10. exf6 Nxf6 11. Re1 Qb6 12. a3 O-O 13. Qd3 Bd6 14. b3 cxd4 15. cxd4
Ne7 16. Nc3 Bd7 17. Bg5 g6 18. Ne5 Qc7 19. Qe3 Rac8 20. Nxd7 Qxd7 21. Qxe6+
Qxe6 22. Rxe6 Rxc3 23. Bxf6 Rxc2 24. Rxd6 Nf5 25. Rd8 Rxd8 1/2-1/2

[Event "Championnat de France des Jeunes - Benja"]
[Site "AIX LES BAINS "]
[Date "2009.04.23"]
[Round "6.10"]
[White "Rouffignac, Tanguy"]
[Black "Ringuet, Noe"]
[Result "1-0"]
[WhiteElo "1671"]
[BlackElo "1906"]
[PlyCount "157"]

1. e4 d6 2. d4 Nf6 3. Nc3 Nbd7 4. f4 e5 5. Nf3 exd4 6. Nxd4 g6 7. Bd3 Bg7 8.
Nf3 O-O 9. O-O Re8 10. Kh1 a6 11. Ng5 b5 12. f5 Bb7 13. fxg6 hxg6 14. Nd5 Ne5
15. Nxf6+ Bxf6 16. Nh3 c5 17. Nf2 Bg7 18. Be3 Rc8 19. Qd2 Rc7 20. Be2 d5 21.
Rad1 d4 22. Bg5 f6 23. Bh6 Bxh6 24. Qxh6 Rh7 25. Qf4 Kg7 26. c3 Reh8 27. h3 g5
28. Qd2 d3 29. Bxd3 g4 30. Be2 Qxd2 31. Rxd2 g3 32. Ng4 Bxe4 33. Bf3 Nxf3 34.
Rd7+ Kg6 35. Rxh7 Rxh7 36. gxf3 Bd3 37. Rg1 Rxh3+ 38. Kg2 Rh7 39. Kxg3 Re7 40.
Kf4 Kf7 41. Rd1 c4 42. Ne3 a5 43. Rd2 Rd7 44. b3 Ke6 45. bxc4 bxc4 46. Rb2 Rd6
47. Rb5 Ra6 48. Rc5 Bb1 49. Nxc4 Bxa2 50. Nxa5 Bd5 51. c4 Ba8 52. Nb3 Ra3 53.
Nd4+ Ke7 54. Rc7+ Ke8 55. Nc6 Rc3 56. Nd4 Bd5 57. Rc5 Bxc4 58. Nb5 Rc1 59. Nd6+
Kd7 60. Rxc4 Rh1 61. Ne4 Rh4+ 62. Kf5 Ke7 63. Rc7+ Kd8 64. Rf7 Rh3 65. f4 Re3
66. Nxf6 Ra3 67. Rd7+ Kc8 68. Rd4 Ra5+ 69. Kg6 Kc7 70. f5 Ra6 71. Kg7 Kc6 72.
Ne8 Ra7+ 73. Kg6 Ra8 74. Ng7 Ra1 75. f6 Rg1+ 76. Kf7 Ra1 77. Kf8 Ra8+ 78. Ne8
Kc5 79. Rd1 1-0

[Event "Championnat de France des Jeunes - Benja"]
[Site "AIX LES BAINS "]
[Date "2009.04.23"]
[Round "6.11"]
[White "Aubry, Yannis"]
[Black "Bapst, Valentin"]
[Result "1-0"]
[WhiteElo "1932"]
[BlackElo "1702"]
[PlyCount "91"]

1. e4 c5 2. Nf3 Nc6 3. d4 cxd4 4. Nxd4 Nf6 5. Nc3 e5 6. Ndb5 d6 7. Bg5 a6 8.
Na3 b5 9. Nd5 Be7 10. Bxf6 Bxf6 11. c3 Ne7 12. Nxe7 Qxe7 13. Nc2 Bb7 14. Bd3
O-O 15. O-O Rfd8 16. Ne3 g6 17. Bc2 Bg5 18. Nd5 Bxd5 19. Qxd5 Rac8 20. Bb3 Rc5
21. Qd3 Kh8 22. Rfd1 f5 23. Bd5 f4 24. a4 Qc7 25. Ra3 Qb6 26. axb5 axb5 27.
Rda1 b4 28. Rb3 Ra5 29. Rxa5 Qxa5 30. Rxb4 Qa1+ 31. Qf1 Qxf1+ 32. Kxf1 Rc8 33.
f3 Rc5 34. Ke2 Rc8 35. Rb7 Bh6 36. Kd3 Bf8 37. b4 h6 38. c4 g5 39. Kc3 Ra8 40.
Rh7+ Kxh7 41. Bxa8 Be7 42. Kb3 Kg7 43. Ka4 Kf8 44. Kb5 Ke8 45. Kb6 Kd8 46. Bd5
1-0

[Event "Championnat de France des Jeunes - Benja"]
[Site "AIX LES BAINS "]
[Date "2009.04.23"]
[Round "6.12"]
[White "Thon, Gabriel"]
[Black "Jaouen, Valentin"]
[Result "1/2-1/2"]
[WhiteElo "2057"]
[BlackElo "1800"]
[PlyCount "82"]

1. Nf3 e6 2. g3 b6 3. Bg2 Bb7 4. O-O f5 5. d3 Nf6 6. Nbd2 Be7 7. b3 O-O 8. Bb2
Na6 9. c4 c5 10. Re1 Re8 11. e4 Nb4 12. Qb1 d5 13. exd5 exd5 14. a3 Nc6 15.
cxd5 Nxd5 16. d4 f4 17. Ng5 Bxg5 18. Rxe8+ Qxe8 19. Bxd5+ Kh8 20. Nf3 Bf6 21.
dxc5 Bxb2 22. Qxb2 Qh5 23. Be4 fxg3 24. hxg3 Re8 25. Re1 Qxc5 26. Rc1 Qh5 27.
Nd2 Qh6 28. Qc3 Na5 29. Bxb7 Nxb7 30. b4 Qe6 31. Qc6 Nd8 32. Qf3 Qe2 33. Qxe2
Rxe2 34. Nf3 Re8 35. Rc8 Rf8 36. Nd4 Ne6 37. Rxf8+ Nxf8 38. Nc6 a6 39. Nb8 a5
40. bxa5 bxa5 41. a4 Ne6 1/2-1/2

[Event "Championnat de France des Jeunes - Benja"]
[Site "AIX LES BAINS "]
[Date "2009.04.23"]
[Round "6.13"]
[White "Fuhrmann, Valentin"]
[Black "Levacic, Adrien"]
[Result "1/2-1/2"]
[WhiteElo "1798"]
[BlackElo "1910"]
[PlyCount "119"]

1. d4 Nf6 2. c4 e6 3. Nf3 Bb4+ 4. Bd2 Qe7 5. g3 b6 6. Bg2 Bb7 7. O-O Bxd2 8.
Qxd2 O-O 9. Nc3 d6 10. Qc2 c5 11. e4 e5 12. dxe5 dxe5 13. Nd5 Nxd5 14. cxd5 Ba6
15. Rfd1 Qd6 16. Nh4 g6 17. Bf1 Bxf1 18. Rxf1 Nd7 19. Ng2 f6 20. Rac1 b5 21. b3
Rac8 22. Qe2 a6 23. Rc3 Rc7 24. Rfc1 Rfc8 25. Ne3 Nb6 26. g4 Rf7 27. h4 Kh8 28.
h5 Rg7 29. Kh1 Kg8 30. Qc2 Nd7 31. Rg1 Rf8 32. f3 Kf7 33. g5 Ke8 34. a4 bxa4
35. Nc4 Qe7 36. h6 Rgg8 37. bxa4 fxg5 38. Qd2 Rf4 39. Rg4 Qf8 40. Rg3 Qxh6+ 41.
Kg1 Rh4 42. Qxg5 Rh1+ 43. Kf2 Rh2+ 44. Ke3 Qxg5+ 45. Rxg5 h6 46. Rg3 Ra2 47. a5
Ke7 48. Rb3 Ra4 49. Kd3 Rb4 50. Kc3 Rxb3+ 51. Kxb3 Rb8+ 52. Kc3 g5 53. Rh3 Rh8
54. Ne3 h5 55. Kc4 Kf6 56. Ng4+ Kg7 57. Ne3 Kf6 58. Ng4+ Kg7 59. Ne3 Kg6 60. d6
1/2-1/2

[Event "Championnat de France des Jeunes - Benja"]
[Site "AIX LES BAINS "]
[Date "2009.04.23"]
[Round "6.14"]
[White "Barberis, Valentin"]
[Black "Kirk, Ezra"]
[Result "0-1"]
[WhiteElo "1797"]
[BlackElo "1884"]
[PlyCount "58"]

1. e4 c5 2. a3 Nc6 3. b4 e6 4. b5 Nb8 5. e5 d5 6. d4 cxd4 7. Bb2 b6 8. Bxd4 Nd7
9. f4 Bb7 10. c3 Nh6 11. Nf3 Bc5 12. Bd3 Rc8 13. O-O Qe7 14. Qb3 O-O 15. Ra2
Rc7 16. Rc2 Rfc8 17. Rfc1 Qd8 18. h3 Be7 19. Nbd2 Nc5 20. Bxc5 Bxc5+ 21. Nd4
Qh4 22. Rf1 Qh5 23. Kh1 Ng4 24. Rf3 Ne3 25. Rxe3 Qd1+ 26. Kh2 Bxd4 27. Be2 Qxc2
28. Qxc2 Bxe3 29. Nb1 Bxf4+ 0-1

[Event "Championnat de France des Jeunes - Benja"]
[Site "AIX LES BAINS "]
[Date "2009.04.23"]
[Round "6.15"]
[White "Cantin, Loic"]
[Black "Delvaux, Robin"]
[Result "1-0"]
[WhiteElo "1880"]
[BlackElo "1785"]
[PlyCount "85"]

1. e4 c5 2. Nf3 g6 3. d4 cxd4 4. Nxd4 Nc6 5. Nc3 Bg7 6. Be3 Nf6 7. Nxc6 bxc6 8.
e5 Nd5 9. Nxd5 cxd5 10. Qxd5 Rb8 11. Bc4 O-O 12. Bxa7 Bb7 13. Qd2 Rc8 14. Bd5
Bxd5 15. Qxd5 Rxc2 16. Bd4 d6 17. O-O dxe5 18. Qb3 Rc6 19. Be3 Qb8 20. Qxb8
Rxb8 21. Rfd1 f5 22. Rab1 Ra6 23. a3 e4 24. Bc5 Kf7 25. Rd7 Bf6 26. Bb4 Rc8 27.
Ra1 Re6 28. b3 Bc3 29. Rc1 e3 30. fxe3 Rxe3 31. Kf2 f4 32. Bxc3 Rcxc3 33. Rxc3
Rxc3 34. Rb7 Ke6 35. a4 Kd6 36. a5 Rc7 37. Rxc7 Kxc7 38. Kf3 g5 39. h4 h6 40.
hxg5 hxg5 41. Kg4 Kc6 42. Kxg5 e5 43. Kf5 1-0

[Event "Championnat de France des Jeunes - Benjamines"]
[Site "AIX LES BAINS"]
[Date ""]
[Round "6.1"]
[White "Aflalo, Sophie"]
[Black "Eid, Maha"]
[Result "1/2-1/2"]
[WhiteElo "1985"]
[BlackElo "1929"]
[Annotator ""]

1. e4 c5 2. Nf3 e6 3. d4 cxd4 4. Nxd4 a6 5. Bd3 Qc7 6. O-O Nf6 7. Qe2 d6 8. c4
Nbd7 9. b3 b6 10. Nc3 Bb7 11. f4 Be7 12. Bd2 O-O 13. Rae1 Rfd8 14. Rf3 Bf8 15.
Rh3 g6 16. Nf3 Bg7 17. Ng5 Nf8 18. Rf1 Re8 19. Nd1 Rad8 20. Nf2 Bc8 21. Ng4
Nxg4 22. Qxg4 d5 23. f5 exf5 24. exf5 h6 25. Nf3 dxc4 26. Bxh6 Bxh6 27. Rxh6
Qc5+ 28. Kh1 cxd3 29. Qh4 Bxf5 30. Qf6 Nh7 31. Rxh7 Kxh7 32. Ng5+ Kh6 33. Nxf7+
Kh7 34. Ng5+ Kh6 35. Nf7+ Kh7 36. Ng5+ 1/2-1/2

[Event "Championnat de France des Jeunes - Benja"]
[Site "AIX LES BAINS"]
[Date "2009.04.23"]
[Round "6.2"]
[White "Navrotescu, Andreea-Cristiana"]
[Black "Monpeurt, Cyrielle"]
[Result "1-0"]
[WhiteElo "1853"]
[BlackElo "1755"]
[PlyCount "73"]

1. d4 f5 2. c4 Nf6 3. Nc3 g6 4. Nf3 Bg7 5. Bf4 O-O 6. e3 d6 7. h3 Qe8 8. Nd5
Nxd5 9. cxd5 Qf7 10. Bc4 h6 11. h4 b6 12. Rc1 Bb7 13. Qb3 a5 14. a3 Kh8 15. Ng1
Nd7 16. Ne2 Nf6 17. Nc3 Nh5 18. Ne2 Nf6 19. Nc3 Rab8 20. a4 Nh5 21. g3 Qe8 22.
Nb5 e5 23. Nxc7 Qe7 24. Ne6 Rf6 25. dxe5 dxe5 26. Bxe5 Rxe6 27. Bxb8 Re4 28.
O-O g5 29. hxg5 Qxg5 30. Be2 Rh4 31. Bf3 Rh3 32. Bg2 Nxg3 33. Bxg3 f4 34. Bxf4
Qh5 35. Bxh3 Bxd5 36. Rc8+ Kh7 37. Qd3+ 1-0

[Event "Championnat de France des Jeunes - Benja"]
[Site "AIX LES BAINS"]
[Date "2009.04.23"]
[Round "6.3"]
[White "Bekhouche, Marion"]
[Black "Afraoui, Solenn"]
[Result "1-0"]
[WhiteElo "1638"]
[BlackElo "1840"]
[PlyCount "75"]

1. d4 g6 2. c4 f5 3. Nf3 Bg7 4. g3 Nf6 5. Bg2 O-O 6. O-O d6 7. Nc3 c6 8. Bg5 h6
9. Be3 Qe8 10. b4 e5 11. dxe5 dxe5 12. Qc2 g5 13. Rfd1 Ng4 14. Bc5 Rf7 15. h3
b6 16. Bd6 e4 17. hxg4 exf3 18. Bxf3 fxg4 19. Bg2 Bb7 20. Rd2 Nd7 21. Rad1 Nf6
22. c5 Rd7 23. Ne4 Nd5 24. Qb3 Kh8 25. Rd3 Ba6 26. R3d2 Qg6 27. Rc2 Re8 28. Nc3
Nxc3 29. Rxc3 Rxe2 30. Re3 Rb2 31. Qe6 Qxe6 32. Rxe6 Rf7 33. Re8+ Bf8 34. Bxf8
Rfxf2 35. Bxh6+ Kh7 36. Rd7+ Kg6 37. Be4+ Kxh6 38. Rh7# 1-0

[Event "Championnat de France des Jeunes - Benja"]
[Site "AIX LES BAINS"]
[Date "2009.04.23"]
[Round "6.4"]
[White "Aggoune, Audessa"]
[Black "Rigolot, Lucie"]
[Result "0-1"]
[WhiteElo "1570"]
[BlackElo "1831"]
[PlyCount "130"]

1. Nf3 d5 2. d4 e6 3. Bg5 Nf6 4. Nbd2 Nbd7 5. e4 h6 6. Bxf6 Nxf6 7. Bd3 c5 8.
c3 cxd4 9. Qa4+ Bd7 10. Qxd4 Qc7 11. exd5 Bc5 12. Qh4 Nxd5 13. Ne4 Be7 14. Qg3
Qxg3 15. hxg3 O-O-O 16. Ne5 Be8 17. O-O-O f6 18. Nf3 Bf7 19. Bc4 Nb6 20. Bb3
Rxd1+ 21. Rxd1 Rd8 22. Nd4 Nd5 23. Re1 e5 24. Nf3 b5 25. Nh4 Be8 26. Rd1 Nb6
27. Nf5 Rxd1+ 28. Kxd1 Bf8 29. Nfd6+ Kd8 30. Nxe8 Kxe8 31. Kc2 Kd7 32. Bg8 Kc6
33. Kd3 Na4 34. b3 Nc5+ 35. Nxc5 Bxc5 36. f3 f5 37. Bh7 f4 38. gxf4 exf4 39. c4
bxc4+ 40. Kxc4 Kd6 41. Bg6 Be3 42. Kd3 Kc5 43. Kc3 Bd4+ 44. Kc2 Ba1 45. a4 Kd4
46. Bf5 Ke3 47. Bg4 Kf2 48. Bh3 h5 49. Kd3 Bf6 50. Ke4 g5 51. Kf5 Bd8 52. Kg6
g4 53. fxg4 hxg4 54. Bxg4 Kxg2 55. Kf5 Kg3 56. Bd1 f3 57. Bxf3 Kxf3 58. Ke5 Ke3
59. Kd5 Kd3 60. Kc5 Kc3 61. Kb5 a5 62. Kc5 Kxb3 63. Kb5 Ka3 64. Kc5 Kxa4 65.
Kc4 Be7 0-1

[Event "Championnat de France des Jeunes - Benja"]
[Site "AIX LES BAINS"]
[Date "2009.04.23"]
[Round "6.5"]
[White "Vignette, Jeanne"]
[Black "Griggio, Julie"]
[Result "0-1"]
[WhiteElo "1502"]
[BlackElo "1807"]
[PlyCount "126"]

1. e4 e6 2. d4 d5 3. Nd2 c5 4. exd5 Qxd5 5. Ngf3 Nc6 6. Bc4 Qd8 7. Qe2 Nxd4 8.
Nxd4 cxd4 9. Nb3 Nf6 10. Bg5 Be7 11. O-O-O O-O 12. Nxd4 Qa5 13. h4 a6 14. Rhe1
h6 15. Bf4 Qh5 16. g3 Qxe2 17. Rxe2 b5 18. Bd3 Bb7 19. Rde1 Rfd8 20. Nf5 Bb4
21. Nxh6+ gxh6 22. Rf1 Rac8 23. Kb1 h5 24. Bg5 Be7 25. Rfe1 Nd5 26. Bxe7 Nxe7
27. Re5 Rd5 28. a3 Rcc5 29. Rxd5 Rxd5 30. f4 Bc6 31. b3 Kg7 32. Kb2 Rd8 33. Kc3
Bf3 34. Kb4 Nc6+ 35. Kc5 Rd5+ 36. Kb6 Nb8 37. Ka7 Rd8 38. Re5 Nc6+ 39. Kxa6
Nxe5 40. fxe5 Bd1 41. Kxb5 Rd5+ 42. Kb4 Rxe5 43. a4 Rd5 44. a5 e5 45. Bc4 Rd7
46. a6 e4 47. Kb5 Bxc2 48. Kb6 Bd3 49. a7 Rxa7 50. Kxa7 Bxc4 51. bxc4 e3 52. c5
e2 53. c6 e1=Q 54. c7 Qa5+ 55. Kb7 Qb5+ 56. Kc8 Kf8 57. g4 Ke7 58. gxh5 Kd6 59.
h6 Kc6 60. h7 Qd5 61. h8=Q Qd7+ 62. Kb8 Qxc7+ 63. Ka8 Qb7# 0-1

[Event "Championnat de France des Jeunes - Benja"]
[Site "AIX LES BAINS"]
[Date "2009.04.23"]
[Round "6.6"]
[White "Pivard, Elsa"]
[Black "Fischer, Julie"]
[Result "1/2-1/2"]
[WhiteElo "1710"]
[BlackElo "1644"]
[PlyCount "82"]

1. e4 c5 2. Nc3 Nc6 3. g3 g6 4. Bg2 Bg7 5. Nge2 d6 6. d3 e6 7. Be3 Nge7 8. Qd2
Nd4 9. O-O O-O 10. Rab1 Nec6 11. a3 Qa5 12. Bh6 Bxh6 13. Qxh6 Nxc2 14. h4 N2d4
15. Nf4 Ne5 16. f3 f5 17. Nfe2 Nxe2+ 18. Nxe2 Nxd3 19. Rfd1 c4 20. h5 Qc5+ 21.
Kh2 Rf7 22. hxg6 hxg6 23. Qxg6+ Kf8 24. Nf4 Nxf4 25. gxf4 Bd7 26. Qh6+ Kg8 27.
Rg1 Rg7 28. Bh3 Qf2+ 29. Rg2 Rxg2+ 30. Bxg2 Qd4 31. Qg6+ Qg7 32. Qxg7+ Kxg7 33.
Rd1 d5 34. exd5 exd5 35. Rxd5 Be6 36. Rd6 Kf6 37. Bf1 Rc8 38. Kg3 c3 39. bxc3
Rxc3 40. a4 a6 41. Rb6 Rb3 1/2-1/2

[Event "Championnat de France des Jeunes - Benja"]
[Site "AIX LES BAINS"]
[Date "2009.04.23"]
[Round "6.7"]
[White "Kambrath, Linda"]
[Black "Nolot, Clementine"]
[Result "1/2-1/2"]
[WhiteElo "1680"]
[BlackElo "1659"]
[PlyCount "102"]

1. e4 e5 2. Nf3 Nc6 3. Bb5 a6 4. Ba4 Nf6 5. d3 Bc5 6. O-O b5 7. Bb3 d6 8. c3
O-O 9. Nbd2 Kh8 10. h3 Nh5 11. Nxe5 dxe5 12. Qxh5 Qxd3 13. Bxf7 Bxh3 14. Bg6 h6
15. Qxh3 Qxh3 16. gxh3 Rf6 17. Bh5 Raf8 18. Nb3 Bxf2+ 19. Kg2 a5 20. a4 b4 21.
Bd2 bxc3 22. Bxc3 Nd4 23. Nxd4 exd4 24. Be1 Be3 25. Bxa5 d3 26. Rxf6 Rxf6 27.
Rf1 Rc6 28. Bc3 Rc5 29. Bg4 Rg5 30. Kf3 Bc5 31. Rd1 h5 32. Bc8 h4 33. Be1 Rg1
34. Rxd3 Rxe1 35. Rd8+ Kh7 36. Bf5+ g6 37. Rd7+ Kh6 38. Bg4 Rf1+ 39. Ke2 Rf2+
40. Ke1 Rxb2 41. Rxc7 Bb6 42. Rc8 Rb4 43. Re8 Rxa4 44. e5 Bc7 45. e6 Bd6 46.
Rd8 Ba3 47. Rd7 Kg5 48. Kd1 Kf6 49. Rf7+ Kg5 50. e7 Re4 51. e8=Q Rxe8 1/2-1/2

[Event "Championnat de France des Jeunes - Benja"]
[Site "AIX LES BAINS"]
[Date "2009.04.23"]
[Round "6.8"]
[White "Pouillart, Cecile"]
[Black "Vallat, Julie"]
[Result "1-0"]
[WhiteElo "1745"]
[BlackElo "1210"]
[PlyCount "47"]

1. e4 e5 2. Nf3 Nc6 3. Bc4 Bc5 4. O-O Nf6 5. d4 Bxd4 6. Nxd4 Nxd4 7. Bg5 O-O 8.
f4 Nc6 9. Nc3 Qe7 10. Kh1 exf4 11. Nd5 Qc5 12. Nxf6+ gxf6 13. Bh6 Ne5 14. Bxf8
Qxc4 15. Bh6 Qxe4 16. Bxf4 Ng6 17. Bxc7 Qh4 18. Bg3 Qg5 19. Qf3 Ne5 20. Bxe5
Qxe5 21. Rae1 Qg5 22. Re8+ Kg7 23. Qc3 Qb5 24. Qxf6# 1-0

[Event "Championnat de France des Jeunes - Benja"]
[Site "AIX LES BAINS"]
[Date "????.??.??"]
[Round "6.9"]
[White "Le Marec, Laura"]
[Black "Sriskantharajah, Niruja"]
[Result "1-0"]
[WhiteElo "1554"]
[BlackElo "1643"]
[PlyCount "85"]

1. Nf3 d5 2. g3 Bg4 3. Bg2 c6 4. O-O Nd7 5. d3 e5 6. e4 dxe4 7. dxe4 Ngf6 8.
Nbd2 Be7 9. c3 O-O 10. Re1 Qc7 11. Qc2 Rfd8 12. b3 Ne8 13. Nf1 f6 14. Ne3 Bh5
15. Nf5 Nf8 16. Qe2 Nd6 17. Nxe7+ Qxe7 18. Ba3 Qe6 19. Qc2 Nb5 20. Bb2 Rac8 21.
Rad1 Bg4 22. c4 Nd6 23. Rd2 Rd7 24. Kf1 Rcd8 25. Ng1 Qe8 26. Bh3 Bxh3+ 27. Nxh3
Qe6 28. Kg2 Nf7 29. Red1 Rxd2 30. Rxd2 Rxd2 31. Qxd2 Qg4 32. f3 Qe6 33. Qe3 b6
34. Nf2 Nd7 35. Qd2 Nh6 36. g4 Kf7 37. h3 Qe7 38. f4 Ke8 39. f5 Ng8 40. h4 Qc5
41. Nd3 Qd6 42. Qe3 Ne7 43. g5 1-0

[Event "Championnat de France des Jeunes - Benja"]
[Site "AIX LES BAINS"]
[Date "2009.04.23"]
[Round "6.10"]
[White "Gan, Grace"]
[Black "Verwaerde, Jolanthe"]
[Result "1-0"]
[WhiteElo "1700"]
[BlackElo "1590"]
[PlyCount "117"]

1. e4 d5 2. exd5 Qxd5 3. Nc3 Qd6 4. d4 Nf6 5. Bc4 c6 6. Nge2 Bg4 7. f3 Bh5 8.
Bf4 Qb4 9. Bb3 e6 10. a3 Qa5 11. Qd2 Be7 12. O-O-O Nbd7 13. Ng3 Bg6 14. Nge4
Nxe4 15. Nxe4 Qxd2+ 16. Rxd2 Nf6 17. Nd6+ Bxd6 18. Bxd6 Nd7 19. Re1 Nb6 20. g4
Rd8 21. Bg3 O-O 22. h4 h6 23. c3 Nd5 24. h5 Bh7 25. Rf2 Rfe8 26. Bc2 Bxc2 27.
Kxc2 Rc8 28. Rfe2 Nf6 29. Bh4 Nd5 30. Re4 c5 31. dxc5 Rxc5 32. f4 Rec8 33. f5
exf5 34. gxf5 Nf6 35. Bxf6 gxf6 36. Re8+ Rxe8 37. Rxe8+ Kg7 38. Re7 Rxf5 39.
Rxb7 a5 40. c4 Rxh5 41. Rb5 f5 42. Rxa5 Rh2+ 43. Kb3 Rh3+ 44. Ka2 f4 45. Rf5 f3
46. c5 Kg6 47. Rf4 Rh5 48. b4 Rh2+ 49. Kb3 f2 50. c6 Rh3+ 51. Ka4 Rc3 52. b5
Rc4+ 53. Rxc4 f1=Q 54. Rc5 Qf4+ 55. Ka5 Qd2+ 56. Kb6 Qd8+ 57. c7 Qc8 58. Ka7
Qd7 59. Kb8 1-0

[Event "Championnat de France des Jeunes - Benja"]
[Site "AIX LES BAINS"]
[Date "2009.04.23"]
[Round "6.11"]
[White "Coutier, Camille"]
[Black "Henry, Laura"]
[Result "0-1"]
[WhiteElo "1530"]
[BlackElo "1663"]
[PlyCount "117"]

1. d4 d5 2. c4 c6 3. Nf3 Nf6 4. Bg5 e6 5. e3 Bb4+ 6. Nbd2 O-O 7. a3 Be7 8. Rc1
b6 9. Bd3 Nbd7 10. O-O Re8 11. Re1 Bb7 12. e4 h6 13. Bh4 Nxe4 14. Bxe7 Qxe7 15.
Nxe4 dxe4 16. Bxe4 Nf6 17. Bc2 Rad8 18. Qe2 Qc7 19. Qe5 Qxe5 20. dxe5 Nd7 21.
Nd2 Nxe5 22. Rxe5 Rxd2 23. b3 Red8 24. Kf1 c5 25. f3 Kf8 26. Re2 R2d4 27. Ke1
Bc6 28. Rd1 a6 29. Red2 Rxd2 30. Rxd2 Rxd2 31. Kxd2 Ke7 32. Ke3 e5 33. Bf5 Bb7
34. g3 b5 35. Bd3 Bc6 36. Be2 Kf6 37. h4 g5 38. h5 Ke6 39. g4 f5 40. gxf5+ Kxf5
41. Bd3+ Ke6 42. Be4 Be8 43. Bd5+ Kd6 44. Ke4 Bxh5 45. Kf5 Be8 46. Kf6 bxc4 47.
bxc4 a5 48. Kf5 Bc6 49. Bxc6 Kxc6 50. Kxe5 h5 51. f4 gxf4 52. Kxf4 h4 53. Kg4
h3 54. Kxh3 Kd6 55. Kg4 Ke5 56. Kf3 Kd4 57. Ke2 Kxc4 58. Kd2 Kb3 59. a4 0-1